|
|
|
|
| LEADER |
00000nab a2200000 a 4500 |
| 001 |
vtls008418579 |
| 003 |
SK-MaSNL |
| 005 |
20260303070047.0 |
| 008 |
160321 2005 xo mr er 000 0 cze |
| 015 |
|
|
|a SNBRB2005/12
|
| 038 |
|
|
|a KEVKJB
|
| 040 |
|
|
|a VKJB
|b slo
|c VKJB
|e AACR2
|
| 041 |
0 |
|
|a cze
|
| 044 |
|
|
|a xo
|c SK
|
| 080 |
|
|
|a 78.071.1
|2 UDC-MRF-SK2
|
| 080 |
|
|
|a 929 Fibich, Zdeněk
|2 UDC-MRF-SK2
|
| 245 |
0 |
0 |
|a Poem - ta věčná píseň
|c [autor] ČK
|
| 300 |
|
|
|b Obr.
|
| 600 |
1 |
7 |
|a Fibich, Zdeněk,
|d 1850-1900
|t Poem
|2 kevkjb
|9 82091
|
| 650 |
0 |
7 |
|a česká hudba
|2 kevkjb
|9 29395
|
| 773 |
0 |
|
|t Česká beseda
|g Roč. XI., č. 10-11 (2005), s. 25
|x 1335-4353
|
| 852 |
|
|
|a KEVKJB
|b KIS3GCP
|
| 958 |
|
|
|a BC
|
| 958 |
|
|
|a CZ
|
| 999 |
|
|
|c 1753750
|d 1755680
|